Разработка процесса гранулирования дисперсных материалов в жидких средах: диссертация на соискание ученой степени кандидата технических наук; Спец. 05.17.08.

Bibliografiset tiedot
Päätekijä: Мордвинова О. К. Ольга Константиновна
Yhteisötekijä: Томский политехнический институт
Muut tekijät: Бабенко С. А. (научный руководитель)
Kieli:venäjä
Julkaistu: Томск, 1986
Aiheet:
Aineistotyyppi: Kirja
KOHA link:https://koha.lib.tpu.ru/cgi-bin/koha/opac-detail.pl?biblionumber=55133

MARC

LEADER 00000nbm0a2200000 4500
001 55133
005 20231031051002.0
035 |a (RuTPU)RU\TPU\book\57856 
090 |a 55133 
100 |a 20030908d1986 k y0rusy50 ca 
101 0 |a rus 
102 |a RU 
105 |a a m 001zy 
200 1 |a Разработка процесса гранулирования дисперсных материалов в жидких средах  |e диссертация на соискание ученой степени кандидата технических наук  |e Спец. 05.17.08.  |f О. К. Мордвинова  |g Томский политехнический институт; науч. рук.: С. А. Бабенко 
210 |a Томск  |d 1986 
215 |a 167 л.  |c ил. 
320 |a Библиогр.: с. 147-165 (171 назв.) 
610 1 |a процессы гранулирования 
610 1 |a дисперсные материалы 
610 1 |a жидкие среды 
610 1 |a аппараты химической технологии 
610 1 |a мелкосферические гранулы 
610 1 |a классификация процесса 
610 1 |a образование 
610 1 |a математические модели 
610 1 |a физические модели 
610 1 |a термодинамическая вероятность 
610 1 |a диссертации 
675 |a 66.09(048)  |v 3 
686 |a 05.17.08.  |2 oksvnk 
700 1 |a Мордвинова  |b О. К.  |g Ольга Константиновна 
702 1 |a Бабенко  |b С. А.  |4 727 
712 0 2 |a Томский политехнический институт  |2 stltpush  |3 (RuTPU)RU\TPU\col\1123 
801 1 |a RU  |b 63413507  |c 20030908  |g PSBO 
801 2 |a RU  |b 63413507  |c 20220124  |g PSBO 
942 |c BK